Music Quiz

Random Music or Clickable Quiz

Who Sang it First? Quiz Stats

 Plays Quiz Updated Jan 31, 2015

Score 0/25 Timer 03:00
0 Plays Today
% Correct
The Rolling Stones
91.6%
Eurythmics
87.6%
John Lennon
84.2%
Michael Jackson
79.7%
Wings
65.4%
Creedence Clearwater Revival
62.3%
Fleetwood Mac
57.4%
Nine Inch Nails
53.3%
David Bowie
48.8%
Bob Seger
45.8%
Genesis
45.2%
Elvis Presley
42.1%
Fats Domino
42%
% Correct
Stevie Wonder
40.6%
Bruce Springsteen
40.2%
Tommy James
37.3%
Thin Lizzy
36.7%
Slade
36.2%
Neil Diamond
31.2%
Talk Talk
27.4%
The Carpenters
26.6%
The Byrds
21.9%
Otis Redding
21.9%
Ian Hunter
14.2%
Victoria Williams
9.5%

You're not logged in!

Compare scores with friends on all Sporcle quizzes.
OR
Log In

Sporcle TV

Today on Sporcle TV


Watch our educational content, quiz creation guides, and fun videos on Sporcle TV.

Show Comments

Extras

Top Quizzes Today


Score Distribution

Your Account Isn't Verified!

In order to create a playlist on Sporcle, you need to verify the email address you used during registration. Go to your Sporcle Settings to finish the process.

Report this User

Report this user for behavior that violates our Community Guidelines.

Details: